Countries With The Most Lakes - Statistics

General Stats
  • This quiz has been taken 14 times
  • The average score is 9 of 10
Answer Stats
Answer % Correct
Canada
100%
China
100%
Finland
100%
Russia
100%
Sweden
100%
United States of America
100%
Brazil
93%
Norway
93%
Argentina
57%
Kazakhstan
43%
No matching quizzes found
Score Distribution
Percent of People with Each Score
Percentile by Number Answered
Your Score History
You have not taken this quiz